| 000 | 00889nam a2200277Ia 4500 | ||
|---|---|---|---|
| 003 | OSt | ||
| 005 | 20221005060102.0 | ||
| 006 | a|||||r|||| 00| 0 | ||
| 007 | ta | ||
| 008 | 221004b |||||||| |||| 00| 0 eng d | ||
| 020 |
_a9780745335506 (pbk) _c1254.7 |
||
| 024 | _a25753 | ||
| 037 |
_b107627, 22/03/2016, International Book Distributors _cTextual |
||
| 040 |
_aCRL _cCRL _beng |
||
| 041 |
_2eng _aeng |
||
| 082 | _aWxN28,AT, Q5 | ||
| 100 | _aChomsky Noam | ||
| 245 | 0 |
_aAfter the cataclysm _b Postwar Indochina and reconstruction of imperial ideology |
|
| 260 |
_aLondon _bPluto UK _c2015 |
||
| 300 |
_axxix, 455p. _ccm. |
||
| 490 | _v2 | ||
| 650 | _aPOLITICAL SCIENCE | ||
| 700 | _a Herman Edward S | ||
| 942 |
_hWxN28,AT, Q5 _cTEXL _2cc |
||
| 999 |
_c966161 _d966161 |
||